| 000 | 01012nam a22002297a 4500 | ||
|---|---|---|---|
| 005 | 20250423163811.0 | ||
| 010 | _aB-767176-204 BACEN25 | ||
| 020 |
_a9789355018625 _c1099.00 |
||
| 035 | _aB-767176-204 | ||
| 037 | _bUDH | ||
| 082 |
_a000 _21 |
||
| 100 |
_aJeena, Chitra _980827 |
||
| 245 |
_aPioneer NDA/NA; _b National Defence Academy & Naval Academy Entrance Examination 2023-24/ _cBy Chitra Jeena |
||
| 250 | _a1 | ||
| 260 |
_aNew Delhi _bS Chand and Company Limited _c2023 |
||
| 270 |
_a A-27, 2nd Floor, Mohan Co-operative Industrial Estate _bNew Delhi _e110044 _minfo@schandpublishing.com _k011-49731800 |
||
| 300 |
_a364,138,496,37p. _c26cm(pb) |
||
| 500 | _a| Includes Solved Papers NDA/NA - I 2023 | ||
| 700 |
_aParashar, Mayank _eAuthor _975033 |
||
| 942 |
_2ddc _cEN _h000 _mJEE _e1 |
||
| 999 |
_c208719 _d208719 |
||